000 00653nam a22002177a 4500
005 20251108164234.0
008 250721s1983 xx 000 0 ara d
082 1 4 _a791.4309/رضا
100 1 _aالطيار، رضا
245 1 0 _aالرواية العربية في السينما /
264 1 _aبغداد :
_bدائرة الشؤون الثقافيه و النشر،
_c1983.
300 _a283ص : مص
490 0 _aالدراسات ؛ 349
650 1 7 _aالسينما
650 1 7 _aالتاريخ
650 1 7 _aالنقد
650 1 7 _aالأفلام
650 1 7 _aالإخراج السينمائي
942 _2ddc
_cBK
999 _c7166
_d7166